000 00467cam a2200193ua 4500
001 11195
008 190903n ii |||gr||||Z||||||eng
020 _a9789386668295
040 _cMAIN
041 _aeng
082 _a338.5
100 _aN Gregory Mankiw,
_eAuthor.
245 _aPrinciples of microeconomics
_cBy N Gregory Mankiw
250 _a7th ed.
260 _aDelhi:
_bCengage learning,
_c2019.
300 _a495p.
653 _aProduction
942 _cBK
999 _c10058
_d10058